| 000 | 00614nam a2200169 i 4500 | ||
|---|---|---|---|
| 001 | 63680 | ||
| 003 | ES-MaACL | ||
| 005 | 20230906164936.0 | ||
| 007 | t| | ||
| 008 | 031215s1980 sp ||||1| spa d | ||
| 100 | 1 |
_aFicus, Heinz Jürgen. _950687 |
|
| 245 | 1 | 3 |
_aEl radiodiagnóstico en la clínica de los animales pequeños _b: manual práctico / _cHeinz Jürgen Ficus ; traducción del alemán por José Romero Muñoz de Arenillas. |
| 260 |
_aZaragoza : _bAcribia, _c[1980] |
||
| 300 |
_a135 p. : _bil. ; _c25 cm. |
||
| 700 | 1 |
_aRomero Muñoz de Arenillas, José. _999418 |
|
| 852 |
_aES-MaACL _jL-2425 _bR.102929 |
||
| 999 |
_c63680 _d63680 |
||